000 00448nam a2200145 a 4500
001 000033966
005 20200930070648.0
008 110915s1898 fr 000 0 fre d
040 _aDO-SdBNP
_bspa
_cBNPHU
082 _aC434c
100 1 _aChailley-Bert, J.
_959427
245 1 0 _aLes compagnies de colonisation :
_bsous l' ancien régime /
_cJ. Chailley-Bert.
260 _aParís, Francia :
_bArmand Colin Et C.,
_c1898.
300 _a192 p. ;
_c17 cm.
999 _c33457
_d33457